| 000 | 00635nam a2200181Ia 4500 | ||
|---|---|---|---|
| 003 | GCL | ||
| 008 | 140319s9999 xx 000 0 ara d | ||
| 040 |
_aGCL / _cGCL |
||
| 082 | 0 | 4 |
_a882.009 _bع د |
| 100 | 1 | _aعبدالله حسن المسلمى | |
| 245 | 1 | 0 |
_aدراسات فى المسرح الاغريقى 1 - ايسخيلوس / _cعبدالله حسن المسلمى |
| 300 | _a370 ص | ||
| 490 |
_aالهيئة العامة للاستعلامات _v0 |
||
| 650 | 0 | 4 | _aالادب |
| 650 | 0 | 4 | _aالادب اليونانى القديم |
| 650 | 0 | 4 | _aالمسرحيات اليونانية-تاريخ ونقد |
| 942 |
_2ddc _cBK |
||
| 999 |
_c50002 _d50002 |
||